Pokoj "Nech sa vám nermúti srdce a nestrachuje!"

Bibliographic Details
Main Author: Meyer, Joyce, 1943- (Author)
Other Authors: Gažová, Gabika (Translator)
Format: Book
Language:Slovak
English
PhysicalDescription:74 s. 17 cm
Published: [Bratislava] Syloam 2009
ISBN:9788096982585
Edition:[1. vyd.]
Subjects:

MARC

LEADER 00000nam a2200000 a 4500
001 vtls009529093
003 SK-MaSNL
005 20260301171331.0
008 240315s2009 xo g 000 0 slo
015 |a SNBA2009/07-03781 
020 |a 9788096982585  |q (brož.) 
035 |a 2037CE87-4C24-424F-BEE0-72EEED453ECD 
035 |a urn:nbn:sk:snk-amjf7j 
035 |a urn:nbn:sk:snk-am0011g5 
040 |a SNK  |b slo  |c SNK  |e AACR2 
041 1 |a slo  |h eng 
044 |a xo  |c SK 
072 7 |a 27-5  |x Kresťanské umenie a symbolika. Duchovný život  |2 konspekt 
080 |a 27-584.5  |2 2001 
080 |a 27-184.3  |2 2001 
080 |a 2-188.3-584.5  |2 2001 
080 |a (035)  |2 2001 
080 |a 272.4  |2 2001 
080 |a 13  |2 2001 
100 1 |a Meyer, Joyce,  |d 1943-  |4 aut  |9 151315 
240 1 0 |a Peace  |l Slovensky 
245 1 0 |a Pokoj  |b "Nech sa vám nermúti srdce a nestrachuje!"  |c Joyce Meyer ; [preklad: Gabika Gažová] 
250 |a [1. vyd.] 
260 |a [Bratislava]  |b Syloam  |c 2009 
300 |a 74 s.  |c 17 cm 
366 |e 5000 výt. 
500 |a Miesto vydania podľa ISBN 
650 0 7 |a duchovná cesta  |2 SNKPH  |9 67470 
650 0 7 |a kresťanská viera  |2 SNKPH  |9 1712 
650 0 7 |a duchovné prekážky  |2 SNKPH  |9 122432 
650 0 7 |a mier  |x duchovné chápanie  |2 SNKPH  |9 538798 
655 7 |a príručky  |2 SNKPH  |9 74364 
700 1 |a Gažová, Gabika  |4 trl  |9 538863 
919 |a 978-80-969825-8-5 
958 |a OP 
958 |a NT 
968 |b ENG  |d 2 
999 |c 830510  |d 832440 
952 |a SNK  |b SNK  |y PREZ  |7 0  |p 17A0623148  |o snkSD 78310  |i snk2009/11544  |8 0  |0 0  |1 0  |4 0  |d 2009-06-23  |l 0  |r 2025-11-26 00:00:00  |w 2026-02-24 
952 |a SNK  |b SNK  |y VYP  |7 0  |p 17A0623147  |o snkSD 78310 D1  |i snk2009/11545  |8 0  |0 0  |1 0  |4 0  |d 2009-06-23  |f 1  |l 0  |r 2017-06-30 00:00:00  |w 2026-02-24